Представление документа в формате MARC21

Поле Инд. ПП Название Значение
Тип записи a
Библиографический уровень a
001 Контрольный номер 0cdf408ea3104995b568621631343b72
005 Дата корректировки 20160518165226.3
040 a Служба первич. каталог. НБ ТвГУ
b Код языка каталог. rus
e Правила каталог. PSBO
041 0_ a Код языка текста rus
097 b Оператор stanislav
098 b Факультет Экономический
c Кафедра Экономической теории
100 1_ a Автор Карасева Людмила Аршавировна
q Полное имя Карасева Л. А.
c Титул (звания) д.э.н., проф.
245 10 a Заглавие Прибыль как форма социально-экономического признания предпринимательской деятельности
260 a Место издания Тверь
b Издательство Тверской государственный университет
504 a Библиография Библиогр. в подстроч. примеч.
520 0_ a Аннотация В статье предложено авторское понимание предпринимательства (как формирующего новое экономическое пространство и оптимизирующего социально-экономическое распределение ресурсов) и прибыли, подтверждением которого является развитие в современной экономике такого явления как реинжиниринг.
653 0_ a Ключевые слова Прибыль
a Ключевые слова Предпринимательская деятельность
a Ключевые слова Реинжиниринг
a Ключевые слова Труды Тверского государственного университета
700 12 a Другие авторы Кунтыш Владимир Анатольевич
q Полное имя Кунтыш В. А.
773 18 w Контрольный № источника 9aac71f7-87ba-44f0-9e44-2ac3b584dbd0
t Название источника Проблемы и перспективы развития финансового рынка
d Место и дата издания Тверь : Тверской государственный университет, 2004
g Прочая информация С. 150-159
901 t Тип документа a
920 a Оператор Стан